| 000 | 01459 a2200229 4500 | ||
|---|---|---|---|
| 003 | Nust | ||
| 005 | 20230221152436.0 | ||
| 010 | _a 92025560 | ||
| 020 | _a0824787242 (alk. paper) | ||
| 040 | _cNust | ||
| 082 | 0 | 0 | _a621.367,MAT |
| 245 | 0 | 0 |
_aMathematical morphology in image processing / _cedited by Edward Dougherty. |
| 260 |
_aNew York : _bM. Dekker, _cc1993. |
||
| 300 |
_axvi, 530 p. : _bill. ; _c24 cm. |
||
| 490 | 1 | _aOptical engineering | |
| 505 | _aTraining Structuring Elements In Morphological Networks (Page-1), Efficient Design Strategies For The Optimal Binary Digital Morphological Filter: Probabilities, Constraints, And Structuring-Element Libraries (Page-43), Statistical Properties Of Discrete Morphological Filters (Page-93), Morphological Analysis Of Pavement Surface Condition (Page-121), On Two Inverse Problems In Mathematical Morphology (Page-151), Graph Morphology In Image Analysis (Page-171), Mathematical Morphology With Noncommutative Symmetry Groups (Page-205), Morphological Algorithms (Page-255), Discrete Half Plane Morphology For Restricted Domains (Page-289), On As Distance Function Approach For Gray Level Mathematical Morphology (Pag-323). | ||
| 650 | 0 | _aTelecommunication Engineering. | |
| 700 | 1 |
_aDougherty, Edward R. _975827 |
|
| 830 | 0 |
_aOptical engineering (Marcel Dekker, Inc.) _996335 |
|
| 856 | 4 | 2 |
_3Publisher description _uhttp://www.loc.gov/catdir/enhancements/fy0647/92025560-d.html |
| 942 |
_cREF _2ddc |
||
| 999 |
_c175588 _d175588 |
||